000 00319nam a2200133Ia 4500
008 240624s9999 xx 000 0 und d
041 _aeng
082 _a658.3 DEN
100 _aDENISI ANGELO S
245 _aHR
260 _c2011
_aNew Delhi
_bCengage Learning
300 _ax, : 407 : p. : cm. ; 26
365 _cRS
_b31
999 _c25208
_d25208